[Event "Iran Women Ch.2016"]
[Site "Tehran"]
[Date "2016.01.17"]
[Round "3.7"]
[White "Asgharzadeh, Mitra"]
[Black "Lotfi, Aylar"]
[Result "1/2-1/2"]
[BlackElo "1973"]
[WhiteElo "1907"]
[LiveChessVersion "1.4.7"]

1. Nf3 {[%clk 1:30:56]} c5 {[%clk 1:30:37]} 2. g3 {[%clk 1:31:18]} Nc6
{[%clk 1:30:58]} 3. Bg2 {[%clk 1:31:41]} g6 {[%clk 1:31:24]} 4. O-O
{[%clk 1:32:03]} Bg7 {[%clk 1:31:43]} 5. d3 {[%clk 1:32:19]} d6 {[%clk 1:31:42]}
6. e4 {[%clk 1:32:09]} Nf6 {[%clk 1:31:41]} 7. c3 {[%clk 1:28:39]} O-O
{[%clk 1:31:56]} 8. Re1 {[%clk 1:28:00]} Rb8 {[%clk 1:31:57]} 9. d4
{[%clk 1:27:08]} cxd4 {[%clk 1:31:31]} 10. cxd4 {[%clk 1:27:25]} Bg4
{[%clk 1:28:06]} 11. h3 {[%clk 1:14:24]} Bxf3 {[%clk 1:28:18]} 12. Bxf3
{[%clk 1:14:53]} Qb6 {[%clk 1:27:20]} 13. d5 {[%clk 1:14:48]} Ne5
{[%clk 1:24:11]} 14. Nc3 {[%clk 1:14:15]} Nxf3+ {[%clk 1:21:08]} 15. Qxf3
{[%clk 1:14:35]} Nd7 {[%clk 1:20:44]} 16. Qe2 {[%clk 1:00:11]} Rbc8
{[%clk 1:15:58]} 17. Be3 {[%clk 0:54:25]} Qa5 {[%clk 1:15:02]} 18. Bd2
{[%clk 0:52:48]} a6 {[%clk 1:04:04]} 19. Rec1 {[%clk 0:48:39]} Nc5 20. Nd1
{[%clk 0:31:21]} Qa4 {[%clk 0:33:24]} 21. f3 {[%clk 0:23:11]} Qd4+
{[%clk 0:30:19]} 22. Be3 {[%clk 0:22:13]} Qd3 {[%clk 0:25:06]} 23. Rc2
{[%clk 0:20:36]} Qxe2 {[%clk 0:24:37]} 24. Rxe2 {[%clk 0:21:05]} Nd3
{[%clk 0:23:00]} 25. a3 {[%clk 0:18:11]} f5 {[%clk 0:18:08]} 26. Kg2
{[%clk 0:13:38]} fxe4 {[%clk 0:16:48]} 27. fxe4 {[%clk 0:14:00]} Rc7
{[%clk 0:11:08]} 28. Bb6 {[%clk 0:09:27]} Rcc8 {[%clk 0:08:48]} 29. Rb1
{[%clk 0:08:54]} Nc1 {[%clk 0:05:35]} 30. Rd2 {[%clk 0:07:06]} Nb3
{[%clk 0:03:47]} 31. Re2 {[%clk 0:06:47]} Rc4 {[%clk 0:03:02]} 32. Nf2
{[%clk 0:04:18]} Rfc8 {[%clk 0:02:08]} 33. Nd3 {[%clk 0:02:46]} Nc1
{[%clk 0:00:49]} 34. Nxc1 {[%clk 0:02:36]} Rxc1 {[%clk 0:01:18]} 35. Rxc1
{[%clk 0:02:17]} Rxc1 {[%clk 0:01:48]} 36. Kf3 {[%clk 0:01:09]} Rb1
{[%clk 0:01:27]} 37. b4 {[%clk 0:01:04]} Bb2 {[%clk 0:00:38]} 38. Re3
{[%clk 0:00:42]} Ra1 {[%clk 0:00:39]} 39. Kg4 {[%clk 0:00:40]} Be5 40. Rb3
{[%clk 0:00:38]} Rf1 {[%clk 0:00:36]} 41. h4 {[%clk 0:00:43]} h5+
{[%clk 0:00:41]} 42. Kh3 {[%clk 0:01:00]} Re1 {[%clk 0:00:53]} 43. Re3
{[%clk 0:00:52]} Rh1+ {[%clk 0:00:51]} 44. Kg2 {[%clk 0:01:15]} Ra1
{[%clk 0:01:06]} 45. Rb3 {[%clk 0:00:45]} Kg7 {[%clk 0:00:39]} 46. Kf3
{[%clk 0:00:43]} Rf1+ {[%clk 0:00:42]} 47. Kg2 {[%clk 0:00:52]} Rd1
{[%clk 0:00:55]} 48. Kf3 {[%clk 0:00:54]} Kf6 {[%clk 0:00:40]} 49. Be3
{[%clk 0:00:46]} Rf1+ {[%clk 0:00:34]} 50. Kg2 {[%clk 0:01:04]} Re1
{[%clk 0:00:38]} 51. Kf3 {[%clk 0:01:07]} Kf7 {[%clk 0:00:36]} 52. Kf2
{[%clk 0:00:44]} Ra1 {[%clk 0:00:37]} 53. Kf3 {[%clk 0:01:00]} Ra2
{[%clk 0:00:44]} 54. Bc1 {[%clk 0:00:38]} Bd4 {[%clk 0:00:38]} 55. Be3 Bxe3
{[%clk 0:00:39]} 56. Kxe3 {[%clk 0:00:42]} Kf6 {[%clk 0:00:38]} 57. Kf4
{[%clk 0:00:35]} Ra1 {[%clk 0:00:38]} 58. Rc3 {[%clk 0:00:36]} Rf1+
{[%clk 0:00:36]} 59. Ke3 {[%clk 0:00:42]} g5 {[%clk 0:00:35]} 60. hxg5+
{[%clk 0:00:45]} Kxg5 {[%clk 0:01:04]} 61. Rc7 {[%clk 0:00:46]} Ra1
{[%clk 0:00:36]} 62. Rxe7 {[%clk 0:00:40]} Rxa3+ {[%clk 0:00:41]} 63. Kf2
{[%clk 0:00:58]} b5 {[%clk 0:00:34]} 64. Re6 {[%clk 0:01:00]} Rb3
{[%clk 0:00:45]} 65. Rxd6 {[%clk 0:01:23]} Rxb4 {[%clk 0:01:07]} 66. Rxa6
{[%clk 0:01:22]} Rxe4 {[%clk 0:01:15]} 67. Ra5 {[%clk 0:00:55]} b4
{[%clk 0:00:43]} 68. d6+ {[%clk 0:01:11]} Kf6 {[%clk 0:00:33]} 69. Rxh5
{[%clk 0:01:00]} Rd4 {[%clk 0:00:36]} 70. Rb5 {[%clk 0:01:12]} Ke6
{[%clk 0:00:41]} 71. Ke3 {[%clk 0:01:03]} Rg4 {[%clk 0:00:45]} 72. Kd2
{[%clk 0:00:41]} Kxd6 {[%clk 0:00:46]} 73. Kc2 {[%clk 0:00:44]} Kc6
{[%clk 0:01:03]} 74. Rb8 {[%clk 0:00:49]} Kc5 {[%clk 0:01:06]} 75. Rc8+
{[%clk 0:01:07]} Kb5 {[%clk 0:00:50]} 76. Rb8+ {[%clk 0:01:30]} Kc6
{[%clk 0:00:51]} 77. Kb3 {[%clk 0:01:40]} Kc5 {[%clk 0:00:43]} 78. Rc8+
{[%clk 0:02:06]} Kb6 {[%clk 0:00:36]} 79. Rb8+ {[%clk 0:02:33]} Ka5
{[%clk 0:00:44]} 80. Ra8+ {[%clk 0:03:00]} 1/2-1/2

[Event "Iran Women Ch.2016"]
[Site "Tehran"]
[Date "2016.01.17"]
[Round "3.8"]
[White "Karimi, Yeganeh"]
[Black "Khachatourians, Teni"]
[Result "1-0"]
[BlackElo "1771"]
[WhiteElo "1971"]
[LiveChessVersion "1.4.7"]

1. e4 {[%clk 1:30:54]} c6 {[%clk 1:30:55]} 2. d4 {[%clk 1:31:02]} d5
{[%clk 1:27:00]} 3. Nd2 {[%clk 1:31:14]} dxe4 {[%clk 1:27:23]} 4. Nxe4
{[%clk 1:31:41]} Bf5 {[%clk 1:27:47]} 5. Ng3 {[%clk 1:31:39]} Bg6
{[%clk 1:28:11]} 6. h4 {[%clk 1:29:36]} h6 {[%clk 1:28:33]} 7. N1e2
{[%clk 1:27:35]} Nf6 {[%clk 1:27:57]} 8. Nf4 {[%clk 1:28:02]} Bh7
{[%clk 1:28:14]} 9. Bc4 {[%clk 1:27:28]} e6 {[%clk 1:27:51]} 10. O-O
{[%clk 1:27:16]} Bd6 {[%clk 1:27:57]} 11. Re1 {[%clk 1:27:15]} O-O
{[%clk 1:27:55]} 12. c3 {[%clk 1:26:03]} Re8 {[%clk 1:27:28]} 13. Ngh5
{[%clk 1:14:40]} Nxh5 {[%clk 1:26:11]} 14. Qxh5 {[%clk 1:11:19]} Nd7
{[%clk 1:20:07]} 15. Bd2 {[%clk 1:03:21]} Qf6 {[%clk 1:15:26]} 16. g3
{[%clk 0:40:19]} e5 {[%clk 1:11:06]} 17. Ne2 {[%clk 0:30:50]} Be4
{[%clk 0:49:14]} 18. f4 {[%clk 0:26:46]} exd4 {[%clk 0:47:01]} 19. Nxd4
{[%clk 0:26:06]} Bc5 {[%clk 0:45:02]} 20. Be3 {[%clk 0:24:14]} b5
{[%clk 0:37:26]} 21. Bb3 {[%clk 0:24:25]} Bb6 {[%clk 0:37:21]} 22. a4
{[%clk 0:17:34]} Nc5 {[%clk 0:34:05]} 23. axb5 {[%clk 0:14:18]} Nxb3
{[%clk 0:28:01]} 24. Nxb3 {[%clk 0:14:41]} cxb5 {[%clk 0:16:43]} 25. Qxb5
{[%clk 0:12:46]} Bc6 {[%clk 0:13:08]} 26. Qd3 {[%clk 0:12:39]} Rad8
{[%clk 0:13:14]} 27. Nd4 {[%clk 0:11:36]} Qd6 {[%clk 0:12:38]} 28. Qf1
{[%clk 0:11:17]} Bxd4 {[%clk 0:12:12]} 29. Bxd4 {[%clk 0:10:16]} Qd5
{[%clk 0:11:13]} 30. Kh2 {[%clk 0:10:34]} Qb3 {[%clk 0:10:41]} 31. Qf2
{[%clk 0:10:02]} Rb8 {[%clk 0:06:45]} 32. Rxe8+ {[%clk 0:07:43]} Rxe8
{[%clk 0:06:42]} 33. Bxa7 {[%clk 0:05:03]} Qb5 {[%clk 0:05:44]} 34. Re1
{[%clk 0:03:45]} Rxe1 {[%clk 0:05:32]} 35. Qxe1 {[%clk 0:04:14]} Qd5
{[%clk 0:03:24]} 36. Qg1 {[%clk 0:04:21]} Qd2+ {[%clk 0:03:15]} 37. Qf2
{[%clk 0:04:50]} Qd5 {[%clk 0:03:04]} 38. g4 {[%clk 0:03:54]} g5 {[%clk 0:01:43]}
39. hxg5 {[%clk 0:03:46]} hxg5 {[%clk 0:02:03]} 40. fxg5 {[%clk 0:03:43]} Qxg5
{[%clk 0:02:14]} 41. Kg3 {[%clk 0:03:09]} Qe5+ {[%clk 0:01:33]} 42. Qf4
{[%clk 0:03:38]} Qd5 {[%clk 0:00:57]} 43. Bd4 {[%clk 0:02:33]} Qg2+
{[%clk 0:01:08]} 44. Kh4 {[%clk 0:02:58]} Qh1+ {[%clk 0:01:08]} 45. Kg5
{[%clk 0:03:25]} Qd5+ {[%clk 0:00:40]} 46. Qf5 {[%clk 0:02:21]} Qxf5+
{[%clk 0:00:34]} 47. Kxf5 {[%clk 0:02:33]} Ba4 {[%clk 0:00:35]} 48. c4
{[%clk 0:02:47]} Kh7 {[%clk 0:00:37]} 49. b4 {[%clk 0:02:37]} Kh6 1-0

[Event "Iran Women Ch.2016"]
[Site "Tehran"]
[Date "2016.01.17"]
[Round "3.9"]
[White "Kalantari, Sedigheh"]
[Black "Asadi, Motahare"]
[Result "1-0"]
[BlackElo "1833"]
[WhiteElo "1958"]
[LiveChessVersion "1.4.7"]

1. Nf3 {[%clk 1:28:43]} c5 {[%clk 1:29:52]} 2. c4 {[%clk 1:28:56]} Nf6
{[%clk 1:30:15]} 3. e3 {[%clk 1:27:52]} Nc6 {[%clk 1:25:11]} 4. b3
{[%clk 1:27:50]} g6 {[%clk 1:25:17]} 5. Bb2 {[%clk 1:28:10]} Bg7 {[%clk 1:25:41]}
6. Be2 {[%clk 1:28:26]} O-O {[%clk 1:25:57]} 7. O-O {[%clk 1:28:19]} Qc7
{[%clk 1:26:15]} 8. d3 {[%clk 1:25:57]} d6 {[%clk 1:25:37]} 9. a3
{[%clk 1:25:44]} b6 {[%clk 1:21:24]} 10. Qc2 {[%clk 1:25:14]} Bb7
{[%clk 1:20:48]} 11. Nbd2 {[%clk 1:25:20]} Rfd8 {[%clk 1:08:51]} 12. Rac1
{[%clk 1:24:30]} a6 {[%clk 0:57:42]} 13. Rfd1 {[%clk 1:20:14]} b5
{[%clk 0:57:19]} 14. cxb5 {[%clk 1:18:24]} axb5 {[%clk 0:54:35]} 15. d4
{[%clk 1:14:29]} b4 {[%clk 0:48:29]} 16. a4 {[%clk 1:14:01]} Ra5 {[%clk 0:35:07]}
17. dxc5 {[%clk 1:08:39]} Rxc5 {[%clk 0:33:38]} 18. Qb1 {[%clk 1:08:40]} Nd5
{[%clk 0:33:32]} 19. Bxg7 {[%clk 1:02:20]} Kxg7 {[%clk 0:33:52]} 20. Ne4
{[%clk 1:01:09]} Rxc1 {[%clk 0:33:12]} 21. Rxc1 {[%clk 1:00:32]} Rc8
{[%clk 0:31:36]} 22. Qb2+ {[%clk 0:59:31]} e5 {[%clk 0:29:10]} 23. Bb5
{[%clk 0:58:23]} Qe7 {[%clk 0:28:00]} 24. Qd2 {[%clk 0:55:36]} Nf6
{[%clk 0:27:10]} 25. Nxd6 {[%clk 0:53:18]} Rd8 {[%clk 0:27:19]} 26. Rd1
{[%clk 0:50:52]} Ne4 {[%clk 0:25:47]} 27. Nxe4 {[%clk 0:50:14]} Rxd2
{[%clk 0:26:11]} 28. Nexd2 {[%clk 0:48:23]} Na5 {[%clk 0:22:31]} 29. Rb1
{[%clk 0:42:55]} Qc5 {[%clk 0:22:23]} 30. Nc4 {[%clk 0:40:34]} Nxc4
{[%clk 0:19:35]} 31. Bxc4 {[%clk 0:40:15]} Bd5 {[%clk 0:19:55]} 32. Nd2
{[%clk 0:32:03]} Bxc4 {[%clk 0:20:09]} 33. Nxc4 {[%clk 0:32:11]} Qd5
{[%clk 0:20:34]} 34. h3 {[%clk 0:32:07]} Qd3 {[%clk 0:19:08]} 35. Rb2
{[%clk 0:32:26]} Kf6 {[%clk 0:19:30]} 36. Kh2 {[%clk 0:29:57]} Qd1
{[%clk 0:18:49]} 37. a5 {[%clk 0:27:02]} Ke6 {[%clk 0:18:16]} 38. Kg3
{[%clk 0:21:04]} f5 {[%clk 0:17:20]} 39. a6 {[%clk 0:17:41]} e4 {[%clk 0:09:54]}
40. Kh2 {[%clk 0:11:49]} Qa1 {[%clk 0:05:07]} 41. Rd2 {[%clk 0:11:47]} Kf6
{[%clk 0:05:23]} 42. Rd6+ {[%clk 0:11:36]} Kg5 {[%clk 0:05:00]} 43. Rb6
{[%clk 0:07:47]} Qa2 {[%clk 0:04:12]} 44. Kg3 {[%clk 0:01:15]} Kh5
{[%clk 0:02:46]} 45. h4 {[%clk 0:00:58]} Qa1 {[%clk 0:03:05]} 46. Rb7
{[%clk 0:00:38]} h6 {[%clk 0:03:27]} 47. a7 {[%clk 0:00:36]} Qh1 {[%clk 0:03:18]}
48. Kf4 {[%clk 0:01:00]} Qxh4+ {[%clk 0:01:02]} 49. Ke5 {[%clk 0:01:29]} Qd8
{[%clk 0:01:20]} 50. Nb6 {[%clk 0:00:58]} Qe8+ {[%clk 0:01:10]} 51. Kd4
{[%clk 0:01:15]} Qh8+ {[%clk 0:01:23]} 52. Kc4 {[%clk 0:00:55]} Qc3+
{[%clk 0:01:23]} 53. Kb5 {[%clk 0:01:19]} Qd3+ {[%clk 0:01:46]} 54. Ka5
{[%clk 0:01:00]} 1-0

[Event "Iran Women Ch.2016"]
[Site "Tehran"]
[Date "2016.01.17"]
[Round "3.10"]
[White "Ghazizadeh, Asana"]
[Black "Afshar, Niusha"]
[Result "1/2-1/2"]
[BlackElo "1961"]
[WhiteElo "1864"]
[LiveChessVersion "1.4.7"]

1. d4 Nf6 2. c4 e6 3. Nc3 Bb4 4. f3 d5 5. a3 Bxc3+ 6. bxc3 c5 7. cxd5 Nxd5 8.
dxc5 Qa5 9. e4 Nf6 10. Be3 O-O 11. Kf2 Nfd7 12. Qb3 Na6 13. Bxa6 Qxa6 14. Ne2 Ne5
15. Rhd1 Bd7 16. Rd6 Bc6 17. a4 Rad8 18. Rxd8 Rxd8 19. Nd4 Nd3+ 20. Kg1 Nxc5 21.
Qa3 Nd7 22. Qe7 Ra8 23. Nxc6 Qxc6 24. Rd1 Nf8 25. Qb4 a5 26. Qb3 Rc8 27. Bb6 g6
28. Kf1 Qxc3 29. Qxc3 Rxc3 30. Bxa5 Rc8 31. Be1 h5 32. Bg3 Kg7 33. Rb1 Ra8 34.
Rb4 Nh7 35. Be5+ Kg8 36. Bc3 f6 37. Rc4 Kg7 38. Rc7+ Kh6 39. a5 Rb8 40. Bd2+ g5
41. Re7 e5 42. Bb4 Nf8 43. Rf7 Nh7 44. Ke2 Kg6 45. Rc7 g4 46. Bd2 gxf3+ 47. gxf3
Ng5 48. Be3 Ne6 49. Re7 Nd8 50. Bb6 Nc6 51. Rc7 Ra8 52. Rxb7 Nxa5 53. Ra7 Rxa7
54. Bxa7 Nc6 55. Be3 Nd8 56. Kd3 Ne6 57. h4 Kg7 1/2-1/2

[Event "Iran Women Ch.2016"]
[Site "Tehran"]
[Date "2016.01.17"]
[Round "3.11"]
[White "Mobarhani, Nazanin"]
[Black "Hamedi Nia, Vesal"]
[Result "0-1"]
[BlackElo "1833"]
[WhiteElo "1856"]
[LiveChessVersion "1.4.7"]

1. d4 {[%clk 1:30:58]} d5 {[%clk 1:29:10]} 2. Nf3 {[%clk 1:31:23]} Nf6
{[%clk 1:29:02]} 3. c4 {[%clk 1:31:45]} c6 {[%clk 1:28:46]} 4. e3
{[%clk 1:32:07]} Bg4 {[%clk 1:28:33]} 5. h3 {[%clk 1:32:27]} Bh5 {[%clk 1:28:47]}
6. Qb3 {[%clk 1:28:41]} Qc7 {[%clk 1:27:01]} 7. Ne5 {[%clk 1:28:55]} e6
{[%clk 1:26:29]} 8. Nc3 {[%clk 1:26:51]} Nbd7 {[%clk 1:25:13]} 9. cxd5
{[%clk 1:18:55]} exd5 {[%clk 1:24:32]} 10. Nd3 {[%clk 1:18:04]} Bd6
{[%clk 1:21:07]} 11. Bd2 {[%clk 1:18:19]} Nb6 {[%clk 1:20:53]} 12. Nc5
{[%clk 1:13:43]} Qe7 {[%clk 1:17:15]} 13. Rc1 {[%clk 1:00:57]} O-O
{[%clk 1:08:41]} 14. N3a4 {[%clk 0:57:44]} Nxa4 {[%clk 1:07:25]} 15. Qxa4
{[%clk 0:56:33]} Bxc5 {[%clk 1:01:16]} 16. dxc5 {[%clk 0:51:38]} Ne4
{[%clk 1:01:04]} 17. Qd4 {[%clk 0:51:15]} Qg5 {[%clk 0:51:43]} 18. Bc3
{[%clk 0:38:59]} f6 {[%clk 0:49:26]} 19. Rc2 {[%clk 0:27:46]} Rae8
{[%clk 0:45:40]} 20. g4 {[%clk 0:25:17]} Bg6 {[%clk 0:40:52]} 21. Re2
{[%clk 0:23:40]} h5 {[%clk 0:33:10]} 22. Rg1 {[%clk 0:23:22]} Re7
{[%clk 0:28:44]} 23. Kd1 {[%clk 0:20:43]} hxg4 {[%clk 0:25:38]} 24. hxg4
{[%clk 0:17:52]} Qe5 {[%clk 0:14:19]} 25. Qxe5 {[%clk 0:17:01]} fxe5
{[%clk 0:14:36]} 26. Be1 {[%clk 0:15:33]} Nxc5 {[%clk 0:14:25]} 27. Bb4
{[%clk 0:10:14]} b6 {[%clk 0:14:38]} 28. Rd2 {[%clk 0:07:27]} Ref7
{[%clk 0:14:19]} 29. Ke1 {[%clk 0:07:28]} Ne4 {[%clk 0:12:33]} 30. Bxf8
{[%clk 0:06:42]} Nxd2 {[%clk 0:12:52]} 31. Kxd2 {[%clk 0:02:55]} Rxf2+
{[%clk 0:13:06]} 32. Kc3 {[%clk 0:02:18]} Kxf8 {[%clk 0:13:01]} 33. Ba6
{[%clk 0:02:19]} c5 {[%clk 0:12:49]} 0-1

[Event "Iran Women Ch.2016"]
[Site "Tehran"]
[Date "2016.01.17"]
[Round "3.12"]
[White "Azali, Tannaz"]
[Black "Davoodi, Yasaman"]
[Result "1-0"]
[BlackElo "1844"]
[WhiteElo "1818"]
[LiveChessVersion "1.4.7"]

1. d4 d5 2. c4 Nf6 3. Nc3 e6 4. Bg5 c6 5. cxd5 exd5 6. e3 h6 7. Bh4 Nbd7 8. Bd3
Be7 9. Nge2 b6 10. O-O Bb7 11. Rc1 c5 12. Bb1 O-O 13. Qc2 Re8 14. Bg3 Nf8 15.
Rfd1 c4 16. f3 Nh5 17. Bf2 g6 18. Rf1 Bd6 19. e4 Ne6 20. e5 Be7 21. Be3 Kh7 22.
g4 Nhg7 23. f4 Rg8 24. Kh1 Nc5 25. f5 Nd3 26. fxg6+ fxg6 27. Rcd1 Bg5 28. Rxd3
cxd3 29. Qxd3 Ne6 30. Rf7+ Kh8 31. Rxb7 Bxe3 32. Qxe3 Qh4 33. Ng3 Ng5 34. e6 Qxg4
35. Qe5+ b5 36. Rxb5+ 1-0

[Event "Iran Women Ch.2016"]
[Site "Tehran"]
[Date "2016.01.18"]
[Round "4.1"]
[White "Khademalsharieh, Sarasadat"]
[Black "Hejazipour, Mitra"]
[Result "1/2-1/2"]
[BlackElo "2357"]
[WhiteElo "2392"]
[LiveChessVersion "1.4.7"]

1. d4 {[%clk 1:30:58]} e6 {[%clk 1:25:00]} 2. c4 {[%clk 1:31:11]} Nf6
{[%clk 1:25:08]} 3. Nf3 {[%clk 1:31:23]} c5 {[%clk 1:25:18]} 4. d5
{[%clk 1:31:35]} exd5 {[%clk 1:25:35]} 5. cxd5 {[%clk 1:31:58]} d6
{[%clk 1:25:53]} 6. Nc3 {[%clk 1:31:36]} g6 {[%clk 1:25:41]} 7. Bf4
{[%clk 1:28:51]} a6 {[%clk 1:25:31]} 8. a4 {[%clk 1:29:17]} Bg7 {[%clk 1:25:40]}
9. h3 {[%clk 1:27:59]} O-O {[%clk 1:25:32]} 10. e3 {[%clk 1:28:26]} Ne8
{[%clk 1:24:22]} 11. Be2 {[%clk 1:26:58]} Nd7 {[%clk 1:23:13]} 12. O-O
{[%clk 1:25:37]} b6 {[%clk 1:21:51]} 13. Re1 {[%clk 1:21:04]} Rb8
{[%clk 1:16:44]} 14. Nd2 {[%clk 1:13:10]} Ne5 {[%clk 1:16:17]} 15. Bg3
{[%clk 1:11:20]} f5 {[%clk 1:15:24]} 16. Bf1 {[%clk 1:09:24]} Nc7
{[%clk 1:13:51]} 17. f4 {[%clk 0:58:55]} Nf7 {[%clk 1:13:09]} 18. e4
{[%clk 0:58:50]} fxe4 {[%clk 1:09:35]} 19. Ndxe4 {[%clk 0:59:15]} b5
{[%clk 1:07:51]} 20. axb5 {[%clk 0:59:40]} axb5 {[%clk 1:08:17]} 21. Qd2
{[%clk 0:59:18]} Bd7 {[%clk 0:37:03]} 22. Bf2 {[%clk 0:55:00]} b4
{[%clk 0:35:38]} 23. Nd1 {[%clk 0:55:24]} Re8 {[%clk 0:33:14]} 24. Bd3
{[%clk 0:50:55]} Nb5 {[%clk 0:31:46]} 25. Ne3 {[%clk 0:49:11]} Nd4
{[%clk 0:31:20]} 26. Ra6 {[%clk 0:48:34]} Bc8 {[%clk 0:15:27]} 27. Ra7
{[%clk 0:46:08]} Bb7 {[%clk 0:15:03]} 28. Qd1 {[%clk 0:45:33]} Qb6
{[%clk 0:07:57]} 29. Ra4 {[%clk 0:43:58]} Qd8 {[%clk 0:07:23]} 30. Ra7
{[%clk 0:42:56]} Nb5 {[%clk 0:07:04]} 31. Bxb5 {[%clk 0:34:31]} Rxe4
{[%clk 0:07:32]} 32. Qf3 {[%clk 0:19:01]} Re7 {[%clk 0:03:10]} 33. Bh4
{[%clk 0:10:08]} g5 {[%clk 0:02:46]} 34. fxg5 {[%clk 0:08:02]} Ne5
{[%clk 0:02:14]} 35. Qf1 {[%clk 0:07:32]} Ng6 {[%clk 0:02:03]} 36. Bf2
{[%clk 0:07:31]} Qb6 {[%clk 0:01:42]} 37. Ra2 {[%clk 0:06:46]} b3
{[%clk 0:01:21]} 38. Ra3 {[%clk 0:06:52]} Bxb2 {[%clk 0:01:04]} 39. Rxb3
{[%clk 0:07:18]} Bd4 {[%clk 0:01:23]} 40. Nc4 {[%clk 0:03:14]} Qc7
{[%clk 0:01:29]} 41. Bxd4 {[%clk 0:03:18]} cxd4 {[%clk 0:01:50]} 42. Bc6
{[%clk 0:03:26]} Rf8 {[%clk 0:01:38]} 43. Rf3 {[%clk 0:03:06]} Rxf3
{[%clk 0:01:38]} 44. gxf3 {[%clk 0:03:30]} Bxc6 {[%clk 0:01:57]} 45. dxc6
{[%clk 0:03:52]} Qxc6 {[%clk 0:02:16]} 46. Rxe7 {[%clk 0:03:55]} Nxe7
{[%clk 0:02:45]} 47. Qe2 {[%clk 0:04:14]} Kf7 {[%clk 0:02:31]} 48. Qd3
{[%clk 0:04:40]} Kg8 {[%clk 0:02:36]} 49. Qxd4 {[%clk 0:03:33]} Qxf3
{[%clk 0:02:56]} 50. Qxd6 {[%clk 0:03:58]} Nf5 {[%clk 0:03:11]} 51. Qd8+
{[%clk 0:02:29]} Kg7 {[%clk 0:03:36]} 52. Qf6+ {[%clk 0:02:48]} Kg8
{[%clk 0:04:04]} 53. Qf7+ {[%clk 0:01:49]} Kxf7 {[%clk 0:04:26]} 54. Ne5+
{[%clk 0:02:16]} Kg7 {[%clk 0:04:48]} 55. Nxf3 {[%clk 0:02:43]} h6
{[%clk 0:05:06]} 1/2-1/2

[Event "Iran Women Ch.2016"]
[Site "Tehran"]
[Date "2016.01.18"]
[Round "4.2"]
[White "Asgarizadeh, Minoo"]
[Black "Pourkashiyan, Atousa"]
[Result "0-1"]
[BlackElo "2338"]
[WhiteElo "2167"]
[LiveChessVersion "1.4.7"]

1. e4 {[%clk 1:30:54]} c5 {[%clk 1:30:52]} 2. Nf3 {[%clk 1:31:18]} d6
{[%clk 1:31:15]} 3. d4 {[%clk 1:31:43]} cxd4 {[%clk 1:31:39]} 4. Nxd4
{[%clk 1:32:09]} Nf6 {[%clk 1:32:05]} 5. Nc3 {[%clk 1:32:35]} a6 {[%clk 1:32:30]}
6. Be3 {[%clk 1:33:00]} e6 {[%clk 1:32:51]} 7. Be2 {[%clk 1:31:31]} Qc7
{[%clk 1:33:03]} 8. O-O {[%clk 1:31:41]} b5 {[%clk 1:33:14]} 9. Bf3
{[%clk 1:18:06]} Bb7 {[%clk 1:32:04]} 10. e5 {[%clk 1:16:38]} dxe5
{[%clk 1:27:25]} 11. Ndxb5 {[%clk 1:10:47]} axb5 {[%clk 1:25:59]} 12. Nxb5
{[%clk 1:11:15]} Qc8 {[%clk 1:19:26]} 13. Na7 {[%clk 1:00:33]} Bxf3
{[%clk 1:12:16]} 14. Qxf3 {[%clk 0:59:54]} e4 {[%clk 1:12:16]} 15. Qxf6
{[%clk 1:00:14]} Rxa7 {[%clk 1:11:55]} 16. Qg5 {[%clk 0:50:33]} Rb7
{[%clk 0:52:23]} 17. a4 {[%clk 0:49:57]} f6 {[%clk 0:49:57]} 18. Qh5+
{[%clk 0:46:10]} g6 {[%clk 0:46:26]} 19. Qh4 {[%clk 0:40:21]} Bg7
{[%clk 0:42:21]} 20. a5 {[%clk 0:40:13]} Rxb2 {[%clk 0:38:26]} 21. Bc1
{[%clk 0:29:16]} Rxc2 {[%clk 0:35:47]} 22. Ba3 {[%clk 0:29:44]} Rc4
{[%clk 0:27:47]} 23. Rfb1 {[%clk 0:28:14]} Kf7 {[%clk 0:26:37]} 24. Qg3
{[%clk 0:24:49]} Rd8 {[%clk 0:24:04]} 25. h4 {[%clk 0:23:58]} Na6
{[%clk 0:20:25]} 26. Qb3 {[%clk 0:22:37]} Kg8 {[%clk 0:18:05]} 27. Rc1
{[%clk 0:22:01]} Rxc1+ {[%clk 0:13:36]} 28. Rxc1 {[%clk 0:22:30]} Qd7
{[%clk 0:14:05]} 29. Qb6 {[%clk 0:22:03]} Ra8 {[%clk 0:14:17]} 30. Rc6
{[%clk 0:20:59]} Bh6 {[%clk 0:07:35]} 31. Rd6 {[%clk 0:19:00]} Qa7
{[%clk 0:03:17]} 32. Qb3 {[%clk 0:13:47]} Nc7 {[%clk 0:03:41]} 33. Qd1
{[%clk 0:11:55]} Bf8 {[%clk 0:02:50]} 34. Rd8 {[%clk 0:12:12]} Nd5
{[%clk 0:03:11]} 0-1

[Event "Iran Women Ch.2016"]
[Site "Tehran"]
[Date "2016.01.18"]
[Round "4.3"]
[White "Alinasab, Mobina"]
[Black "Kalantari, Sedigheh"]
[Result "0-1"]
[BlackElo "1958"]
[WhiteElo "2112"]
[LiveChessVersion "1.4.7"]

1. e4 c5 2. Nf3 e6 3. d4 cxd4 4. Nxd4 a6 5. Nc3 Qc7 6. Qf3 Nc6 7. Be3 Nf6 8.
O-O-O Bb4 9. Bf4 Qa5 10. Nb3 Qh5 11. Qxh5 Nxh5 12. Be3 Nf6 13. f3 b5 14. a3 Bxc3
15. bxc3 d5 16. Nc5 dxe4 17. fxe4 O-O 18. Be2 e5 19. h3 Nd8 20. g4 Be6 21. g5 Ne8
22. Nd3 Nb7 23. Nxe5 Rc8 24. Bd4 Ned6 25. Bf3 Na5 26. Nd3 Ndc4 27. Bc5 Rfe8 28.
Bd4 Nxa3 29. Nc5 b4 30. cxb4 Nc6 31. c3 Nb5 32. Kb2 Nbxd4 33. cxd4 Nxb4 34. Kc3
a5 35. Ra1 Nc6 36. Nxe6 fxe6 {[%clk 0:22:09]} 37. Kd3 {[%clk 0:00:45]} Red8
{[%clk 0:18:09]} 38. d5 {[%clk 0:00:34]} Ne5+ {[%clk 0:18:37]} 39. Ke3
{[%clk 0:00:46]} exd5 {[%clk 0:18:50]} 40. exd5 {[%clk 0:00:53]} Nxf3
{[%clk 0:19:09]} 41. Kxf3 {[%clk 0:01:16]} Rxd5 {[%clk 0:19:35]} 42. h4
{[%clk 0:00:52]} Rc4 {[%clk 0:19:11]} 43. Rab1 {[%clk 0:00:47]} a4
{[%clk 0:17:47]} 44. Rb8+ {[%clk 0:00:45]} Kf7 {[%clk 0:18:10]} 45. Rb7+
{[%clk 0:01:05]} Kg6 {[%clk 0:18:17]} 46. h5+ {[%clk 0:01:00]} Kxg5
{[%clk 0:18:00]} 47. Rxg7+ {[%clk 0:01:01]} Kh6 {[%clk 0:17:58]} 48. Ra7
{[%clk 0:00:39]} Rd3+ {[%clk 0:15:38]} 49. Ke2 {[%clk 0:01:08]} Rg3
{[%clk 0:15:51]} 50. Ra6+ {[%clk 0:01:20]} Kg5 {[%clk 0:15:29]} 51. Ra7
{[%clk 0:00:37]} Rc2+ {[%clk 0:11:20]} 52. Kd1 {[%clk 0:00:38]} Ra2
{[%clk 0:11:48]} 53. Rg7+ {[%clk 0:00:33]} Kh6 {[%clk 0:12:17]} 54. Rxg3
{[%clk 0:00:58]} Ra1+ {[%clk 0:12:47]} 55. Kc2 {[%clk 0:00:44]} Rxh1
{[%clk 0:13:14]} 56. Rg4 {[%clk 0:00:58]} a3 {[%clk 0:13:16]} 57. Kb3
{[%clk 0:00:40]} Rh3+ {[%clk 0:13:22]} 58. Ka2 {[%clk 0:01:03]} Kxh5
{[%clk 0:13:41]} 59. Ra4 {[%clk 0:00:34]} Rg3 {[%clk 0:13:36]} 60. Kb1
{[%clk 0:00:35]} Kg5 {[%clk 0:11:50]} 61. Rb4 {[%clk 0:00:36]} h5
{[%clk 0:11:52]} 62. Rb8 {[%clk 0:00:35]} h4 {[%clk 0:11:58]} 63. Rh8
{[%clk 0:00:42]} Kg4 {[%clk 0:11:53]} 64. Rg8+ {[%clk 0:00:36]} Kf3
{[%clk 0:12:14]} 65. Rh8 {[%clk 0:00:54]} h3 {[%clk 0:12:39]} 0-1